Estatísticas para Cidades mais visitadas da Europa por imagem

Clique aqui para jogar o quiz

Estatísticas Gerais

  • Esse quiz foi jogado 242 vezes
  • A pontuação média é 7 de 13

Estatísticas das Respostas

Resposta% Correto
Paris
100%
Londres
98%
Berlim
80%
Roma
79%
Madrid
73%
Amesterdão
62%
Barcelona
55%
Praga
50%
Viena
36%
Milan
30%
Dublin
23%
Istanbul
23%
Munich
1%

Distribuição das Pontuações

Percentil de Números Respondidos

Porcentagem de Pessoas com Cada Pontuação

Sua Pontuação Histórica

Você não jogou esse quiz